| 000 | 00554nam a2200145Ia 4500 | ||
|---|---|---|---|
| 008 | 200110s9999 xx 000 0 und d | ||
| 020 | _a978-981-4626-28-6 | ||
| 100 | _aUlrich, Dave | ||
| 245 |
_cJon Younger, Wayne Brockbank, Mike Ulrich.-- _aHR from the outside in: _bSix competencies for the future of the human resource / |
||
| 260 |
_aPhilippines: _bMcGraw-Hill Education _c2012 |
||
| 300 |
_av, 318 pages _bblack and white illustrations _c23 cm. |
||
| 500 | _aIncludes index. | ||
| 650 | _aBusiness and Management. | ||
| 650 | _aPersonnel management. | ||
| 999 |
_c362878 _d362878 |
||